Government statistical services (Record no. 390187)

000 -LEADER
fixed length control field 00344cam a22001097a 4500
008 - FIXED-LENGTH DATA ELEMENTS--GENERAL INFORMATION
fixed length control field 180718b1953 xxu||||| |||| 00| 0 eng d
082 ## - DEWEY DECIMAL CLASSIFICATION NUMBER
Classification number A800x42
245 ## - TITLE STATEMENT
Title Government statistical services
Statement of responsibility, etc. by H.M. Treasury, United Kingdom
260 ## - PUBLICATION, DISTRIBUTION, ETC.
Place of publication, distribution, etc. London
Name of publisher, distributor, etc. Her Majesty's Stationery Office
Date of publication, distribution, etc. 1953
300 ## - PHYSICAL DESCRIPTION
Extent 27p.
700 ## - ADDED ENTRY--PERSONAL NAME
Personal name United Kingdom. H.M. Treasury
Holdings
Withdrawn status Lost status Damaged status Not for loan Permanent Location Current Location Date acquired Full call number Barcode Date last seen Price effective from Koha item type
        Indian Institute of Public Administration Indian Institute of Public Administration 1999-08-18 A800x42 1500 2018-07-21 2018-07-21 Book

Powered by Koha